LIBRARY & INFORMATION CENTRE, KCAET, TAVANUR

ONLINE PUBLIC ACCESS CATALOGUE (OPAC)

Thermodynamics And Statistical Mechanics (Record no. 14223)

MARC details
000 -LEADER
fixed length control field 00306nam a22001217a 4500
020 ## - INTERNATIONAL STANDARD BOOK NUMBER
ISBN 9789351112556
082 ## - DEWEY DECIMAL CLASSIFICATION NUMBER
Classification number 621.402
Item number DEV/TH
100 ## - MAIN ENTRY--AUTHOR NAME
Personal name Devesh Kumar Dixit
245 ## - TITLE STATEMENT
Title Thermodynamics And Statistical Mechanics
260 ## - PUBLICATION, DISTRIBUTION, ETC. (IMPRINT)
Place of publication New Delhi
Name of publisher Random Publications
Year of publication 2014
300 ## - PHYSICAL DESCRIPTION
Number of Pages 284
942 ## - ADDED ENTRY ELEMENTS (KOHA)
Koha item type Books
Holdings
Withdrawn status Lost status Damaged status Collection code Home library Current library Shelving location Date acquired Source of acquisition Cost, normal purchase price Full call number Accession Number Koha item type
        KAUAET KAUAET General Stacks 06/06/2016 Southern Book Cent re Tvm 1495.00 621.402 DEV/TH 24928 Books
free website counter